Представление документа в формате RUSMARC

ПолеНазваниеЗначение
  Тип записи a
  Библиографический уровень a
001 Контрольный номер RU/CBS_Ul/BASE/517361013
005 Дата корректировки 20240209175201.1
100 Данные общей обработки __
a Данные общей обработки 20160523d2016 ||| 0rusy0189 ca
101 Язык документа 0_
a Язык текста rus
102 Страна публикации __
a Страна публикации RU
105 Кодированные данные (монография) __
a Кодированные данные (монография) y###||||000|y
200 Заглавие и сведения об ответственности 1_
a Заглавие Русский просветитель Китая
b Общее обозначение материала Текст
e Сведения, относящиеся к заглавию [о святителе Гурии]
f Первые сведения об ответственности А. Ишин, Е. Иваниченко
300 Общие примечания __
a Общие примечания Ограничения по возрасту - 12+
461 Уровень набора _0
1 2000
a Журнал духовно-нравственной культуры "Покров"
463 Уровень физической единицы _0
1 001RU/CBS_Ul/BASE/514168631
1 2000
a № 2
v С. 52-55: ил.
1 210
d 2016
600 Персоналии _0
a Персоналии (Фамилия) Карпов
b Персоналии (Имя, инициалы) Г.П.
606 Тематические рубрики 0_
a Основная рубрика Гурий (Карпов, Григорий Платонович; святитель; 1815-1882)
610 Ключевые слова 0_
a Ключевые слова православие
a Ключевые слова святители
a Ключевые слова просветители
a Ключевые слова миссионеры
686 Индексы других классификаций __
a Классификационный индекс 86.372-574
2 Код системы ББК
700 Автор _1
a Фамилия Ишин
b Имя (инициалы) А.
701 Альтернативная интеллектуальная ответственность _1
a Фамилия Иваниченко
b Имя (инициалы) Е.
801 Источник записи _0
a Страна RU
b Организация МБУК ЦБС г. Ульяновска
c Дата составления 20160523
g Правила каталогизации RCR
801 Источник записи _1
a Страна RU
b Организация МБУК ЦБС г. Ульяновска
c Дата составления 20160523
g Правила каталогизации RCR
901 Тип документа __
t Тип документа b
w Контрольный № источника RU/CBS_Ul/BASE/514168631
910 Корректоры записи __
a Корректор записи Библиотека 8
938 Служебная информация __
a Имя БД period